| 000 | 01098nam a22001937a 4500 | ||
|---|---|---|---|
| 999 |
_c63916 _d63916 |
||
| 003 | Ge_BSU | ||
| 005 | 20260219112636.0 | ||
| 008 | 260219s1946 ge ||||| |||| 00| 0 geo d | ||
| 041 | _ageo | ||
| 080 | _a330(479.22)(049.32) ე-49 | ||
| 245 |
_aეკონომიკის ინსტიტუტის შრომები : _bტ. 1 / _c რედ. პ. გუგუშვილი; საქართველოს სსრ მეცნიერებათა აკადემია; ეკონომიკის ინსტიტუტი. |
||
| 264 |
_aთბილისი : _bსაქ. სსრ მეცნ. აკად. გამ-ბა, _c1946. |
||
| 300 |
_a256 გვ.; _b26 სმ. |
||
| 653 | _aეკონომიკა | ||
| 653 | _aშრომები | ||
| 700 |
_aგუგუშვილი, პ. _eრედაქტორი _918004 |
||
| 710 |
_aსაქართველოს სსრ მეცნიერებათა აკადემია _bეკონომიკის ინსტიტუტი _926899 |
||
| 942 |
_2udc _cᲬᲘᲒᲜᲘ |
||